000 00298nam a2200121Ia 4500
008 191201s2009 xx 000 0 und d
100 _aGREENLAW, Raymond
245 0 _aInline online fundamental of the internet
260 _c2009
_bTMH
_aN. delhi
300 _a696
650 _aCSE
942 _2ddc
_cBB
999 _c7719
_d7719